Fr. Conceicao Rodrigues College of Engineering

MPLS VPN Security-Cisco systems (Record no. 32615)

MARC details
000 -LEADER
fixed length control field 00348nam a2200157Ia 4500
082 ## - DEWEY DECIMAL CLASSIFICATION NUMBER
Classification number 005.8/SIN
Item number SIN
100 ## - MAIN ENTRY--PERSONAL NAME
Personal name Behringer/Michael H
245 ## - TITLE STATEMENT
Title MPLS VPN Security-Cisco systems
260 ## - PUBLICATION, DISTRIBUTION, ETC.
Name of publisher, distributor, etc. Pearson Education
Place of publication, distribution, etc. Mumbai
Date of publication, distribution, etc. 2006
366 ## - TRADE AVAILABILITY INFORMATION
Publishers's discount category 15
300 ## - PHYSICAL DESCRIPTION
Extent 285
546 ## - LANGUAGE NOTE
Language note ENGLISH
650 ## - SUBJECT ADDED ENTRY--TOPICAL TERM
Topical term or geographic name entry element Computers
654 ## - SUBJECT ADDED ENTRY--FACETED TOPICAL TERMS
Focus term MPL
942 ## - ADDED ENTRY ELEMENTS (KOHA)
Koha item type BOOK
Holdings
Withdrawn status Lost status Damaged status Not for loan Collection Home library Current library Shelving location Date acquired Source of acquisition Cost, normal purchase price Total Checkouts Full call number Barcode Date last seen Cost, replacement price Price effective from Koha item type
        CRC Fr. Agnel's C.Rodrigues College of Engineering Fr. Agnel's C.Rodrigues College of Engineering   17/03/2023 Unique Book Distributors 284.00   005.8/SIN SIN 17358 17/03/2023 299.00   BOOK